|
|
|
|
| LEADER |
00000cam a22000004a 4500 |
| 001 |
musev2_3247 |
| 003 |
MdBmJHUP |
| 005 |
20230905040417.0 |
| 006 |
m o d |
| 007 |
cr||||||||nn|n |
| 008 |
050516s2006 mdu o 00 0 eng d |
| 010 |
|
|
|z 2005014176
|
| 020 |
|
|
|a 9780801889042
|
| 020 |
|
|
|z 9780801882777
|
| 035 |
|
|
|a (OCoLC)213306087
|
| 040 |
|
|
|a MdBmJHUP
|c MdBmJHUP
|
| 043 |
|
|
|a e-fr---
|a e-gx---
|
| 050 |
0 |
4 |
|a P99.37.G3
|b G35 2006
|
| 082 |
0 |
|
|a 830.9/0001/4
|2 22
|
| 100 |
1 |
|
|a Gailus, Andreas.
|
| 245 |
1 |
0 |
|a Passions of the Sign :
|b Revolution and Language in Kant, Goethe, and Kleist /
|c Andreas Gailus.
|
| 264 |
|
1 |
|a Baltimore :
|b The Johns Hopkins University Press,
|c 2006.
|
| 264 |
|
3 |
|a Baltimore, Md. :
|b Project MUSE,
|c 2012
|
| 264 |
|
4 |
|c ©2006.
|
| 300 |
|
|
|a 1 online resource (240 pages).
|
| 336 |
|
|
|a text
|b txt
|2 rdacontent
|
| 337 |
|
|
|a computer
|b c
|2 rdamedia
|
| 338 |
|
|
|a online resource
|b cr
|2 rdacarrier
|
| 490 |
0 |
|
|a Parallax : re-visions of culture and society
|
| 504 |
|
|
|a Includes bibliographical references (p. 197-212) and index.
|
| 505 |
0 |
|
|a Energetic signs: autonomy and novelty in the age of revolution -- Revealing freedom: crisis and enthusiasm in Kant's philosophy of history -- Poetics of containment: Goethe's Conversations of German refugees and the crisis of communication -- Border narratives: Kleist's Michael Kohlhaas -- Conclusion: The big either.
|
| 588 |
|
|
|a Description based on print version record.
|
| 650 |
|
0 |
|a Subjectivity in literature.
|
| 650 |
|
0 |
|a Subjectivity
|x History
|y 19th century.
|
| 650 |
|
0 |
|a German language
|x Rhetoric
|x History.
|
| 650 |
|
0 |
|a Semiotics
|z Germany
|x History.
|
| 600 |
1 |
0 |
|a Goethe, Johann Wolfgang von,
|d 1749-1832.
|t Unterhaltungen deutscher Ausgewanderten.
|
| 600 |
1 |
0 |
|a Kant, Immanuel,
|d 1724-1804
|x Criticism and interpretation.
|
| 600 |
1 |
0 |
|a Kleist, Heinrich von,
|d 1777-1811.
|t Michael Kohlhaas.
|
| 651 |
|
0 |
|a France
|y Revolution, 1789-1799
|x Literature and the revolution.
|
| 651 |
|
0 |
|a France
|y Revolution, 1789-1799
|x Influence.
|
| 655 |
|
7 |
|a Electronic books.
|2 local
|
| 710 |
2 |
|
|a Project Muse.
|e distributor
|
| 830 |
|
0 |
|a Parallax (Baltimore, Md.)
|
| 830 |
|
0 |
|a Book collections on Project MUSE.
|
| 856 |
4 |
0 |
|z Texto completo
|u https://projectmuse.uam.elogim.com/book/3247/
|
| 945 |
|
|
|a Project MUSE - Custom Collection
|
| 945 |
|
|
|a Project MUSE - Archive Complete Foundation
|
| 945 |
|
|
|a Project MUSE - Archive Literature Foundation
|